<?xml version="1.0" encoding="UTF-8"?>
<record
    xmlns:xsi="http://www.w3.org/2001/XMLSchema-instance"
    xsi:schemaLocation="http://www.loc.gov/MARC21/slim http://www.loc.gov/standards/marcxml/schema/MARC21slim.xsd"
    xmlns="http://www.loc.gov/MARC21/slim">

  <leader>00712nam a22002177a 4500</leader>
  <controlfield tag="003">OSt</controlfield>
  <controlfield tag="005">20260330102019.0</controlfield>
  <controlfield tag="008">260330b        |||||||| |||| 00| 0 eng d</controlfield>
  <datafield tag="020" ind1=" " ind2=" ">
    <subfield code="a">9780073386461</subfield>
  </datafield>
  <datafield tag="040" ind1=" " ind2=" ">
    <subfield code="c">Chuka University Library </subfield>
  </datafield>
  <datafield tag="050" ind1=" " ind2=" ">
    <subfield code="a">PC 2129 </subfield>
    <subfield code="b">.E5 2016</subfield>
  </datafield>
  <datafield tag="100" ind1=" " ind2=" ">
    <subfield code="a"> Anderson, Bruce., &amp; Dolidon, Annabelle</subfield>
    <subfield code="9">23743</subfield>
  </datafield>
  <datafield tag="245" ind1=" " ind2=" ">
    <subfield code="a">En avant! : Beginning French</subfield>
  </datafield>
  <datafield tag="250" ind1=" " ind2=" ">
    <subfield code="a">2nd Ed.</subfield>
  </datafield>
  <datafield tag="260" ind1=" " ind2=" ">
    <subfield code="a">New York</subfield>
    <subfield code="b">McGraw-Hill Education </subfield>
    <subfield code="c">2016</subfield>
  </datafield>
  <datafield tag="300" ind1=" " ind2=" ">
    <subfield code="a">Various paging</subfield>
    <subfield code="b">Colored illustrations </subfield>
  </datafield>
  <datafield tag="650" ind1=" " ind2=" ">
    <subfield code="a">French language--Textbooks for foreign speakers--English</subfield>
    <subfield code="9">23744</subfield>
  </datafield>
  <datafield tag="650" ind1=" " ind2=" ">
    <subfield code="a">French language--Grammar</subfield>
    <subfield code="9">22961</subfield>
  </datafield>
  <datafield tag="650" ind1=" " ind2=" ">
    <subfield code="a"> French language--Spoken French</subfield>
    <subfield code="9">23745</subfield>
  </datafield>
  <datafield tag="942" ind1=" " ind2=" ">
    <subfield code="2">lcc</subfield>
    <subfield code="c">BK</subfield>
    <subfield code="n">0</subfield>
  </datafield>
  <datafield tag="952" ind1=" " ind2=" ">
    <subfield code="0">0</subfield>
    <subfield code="1">0</subfield>
    <subfield code="2">lcc</subfield>
    <subfield code="4">0</subfield>
    <subfield code="7">0</subfield>
    <subfield code="8">LGL</subfield>
    <subfield code="a">CHK</subfield>
    <subfield code="b">CHK</subfield>
    <subfield code="c">GEN</subfield>
    <subfield code="d">2026-03-30</subfield>
    <subfield code="e">Donation from Books for Africa</subfield>
    <subfield code="g">3897.23</subfield>
    <subfield code="l">0</subfield>
    <subfield code="o">PC 2129 .E5 2016</subfield>
    <subfield code="p">31238/2026</subfield>
    <subfield code="r">2026-03-30 10:24:48</subfield>
    <subfield code="t">1</subfield>
    <subfield code="w">2026-03-30</subfield>
    <subfield code="y">BK</subfield>
  </datafield>
  <datafield tag="952" ind1=" " ind2=" ">
    <subfield code="0">0</subfield>
    <subfield code="1">0</subfield>
    <subfield code="2">lcc</subfield>
    <subfield code="4">0</subfield>
    <subfield code="7">0</subfield>
    <subfield code="8">LGL</subfield>
    <subfield code="a">CHK</subfield>
    <subfield code="b">CHK</subfield>
    <subfield code="c">GEN</subfield>
    <subfield code="d">2026-03-30</subfield>
    <subfield code="e">Donation from Books for Africa</subfield>
    <subfield code="g">3897.23</subfield>
    <subfield code="l">0</subfield>
    <subfield code="o">PC 2129 .E5 2016</subfield>
    <subfield code="p">31237/2026</subfield>
    <subfield code="r">2026-03-30 10:24:48</subfield>
    <subfield code="t">2</subfield>
    <subfield code="w">2026-03-30</subfield>
    <subfield code="y">BK</subfield>
  </datafield>
  <datafield tag="952" ind1=" " ind2=" ">
    <subfield code="0">0</subfield>
    <subfield code="1">0</subfield>
    <subfield code="2">lcc</subfield>
    <subfield code="4">0</subfield>
    <subfield code="7">0</subfield>
    <subfield code="8">LGL</subfield>
    <subfield code="a">CHK</subfield>
    <subfield code="b">CHK</subfield>
    <subfield code="c">GEN</subfield>
    <subfield code="d">2026-03-30</subfield>
    <subfield code="e">Donation from Books for Africa</subfield>
    <subfield code="g">3897.23</subfield>
    <subfield code="l">0</subfield>
    <subfield code="o">PC 2129 .E5 2016</subfield>
    <subfield code="p">31236/2026</subfield>
    <subfield code="r">2026-03-30 10:24:48</subfield>
    <subfield code="t">3</subfield>
    <subfield code="w">2026-03-30</subfield>
    <subfield code="y">BK</subfield>
  </datafield>
  <datafield tag="952" ind1=" " ind2=" ">
    <subfield code="0">0</subfield>
    <subfield code="1">0</subfield>
    <subfield code="2">lcc</subfield>
    <subfield code="4">0</subfield>
    <subfield code="7">0</subfield>
    <subfield code="8">LGL</subfield>
    <subfield code="a">CHK</subfield>
    <subfield code="b">CHK</subfield>
    <subfield code="c">GEN</subfield>
    <subfield code="d">2026-03-30</subfield>
    <subfield code="e">Donation from Books for Africa</subfield>
    <subfield code="g">3897.23</subfield>
    <subfield code="l">0</subfield>
    <subfield code="o">PC 2129 .E5 2016</subfield>
    <subfield code="p">31235/2026</subfield>
    <subfield code="r">2026-03-30 10:24:48</subfield>
    <subfield code="t">4</subfield>
    <subfield code="w">2026-03-30</subfield>
    <subfield code="y">BK</subfield>
  </datafield>
  <datafield tag="999" ind1=" " ind2=" ">
    <subfield code="c">21715</subfield>
    <subfield code="d">21715</subfield>
  </datafield>
</record>
